1144 1625 1213 1769 1306 1404 1742 1854 1919 1209 1972 1657 1930 1079 1589 1400 1534 1756 1020 1674 1134 1362 1957 1381 1003 1983 1596 1926 1271 1295 1996 1593 1720 1277 1874 1067 1027 1884 1647 1860 1856 1625 1482 1977 1556 1613 1967 1080 1555 1427 1307 1437 1925 1319 1586 1220 1020 1893 1396 1255 1140 1504 1074 1794 1942 1058 1716 1584 1818 1211 1082 1846 1277 1605 1607 1625 1729 1856 1713 1433 1871 1903 1989 1227 1390 1209 1870 1575 1793 1820 1039 1148 1573 1572 1653 1941 1497 1111 1329 BCNSPRNW ULIB Ver.6.0+V

เปลี่ยนเป็นภาษาไทย

Change to English
 แสดงรายละเอียดบรรณานุกรม
  กลับหน้าหลัก

Brief Record : Get Marc (ISO 2709) : E-mail record : QR code < ปิดหน้าต่าง
LEADER : 00000nam 2200000uu 4500
001    13399127226
003     ULIB
008    200227s2560||||th 000 0 tha d
020    ^a9786169313960
060  0 ^aWY18^bบ128
100 0  ^aสุปาณี เสนาดิสัย, สุรินธร กลัมพากร และ กรองจิต วาทีสาธกกิจ
245 00 ^aบทเรียนการขยายผลการบูรณาการการจัดการเรียนการสอนด้านการควบคุมยาสูบเข้าสู่หลักสูตรการศึกษาพยาบาล: ระยะที่ 2 /^bสุปาณี เสนาดิสัย, สุรินธร กลัมพากร และ กรองจิต วาทีสาธกกิจ
260    ^aปทุมธานี:^bสื่อตะวัน,^c2560
650  0 ^aการควบคุมยาสูบ
650  0 ^aยาสูบ- -หลักสูตรการศึกษา
650  0 ^aยาสูบ- -การควบคุม
945    ^p0^l0^i006400
945    ^p0^l0^i006401
999    ^aประนอม เกษจรัล
รายการนี้ยังไม่มีแท็ก
คุณยังไม่ได้ล็อกอิน คุณสามารถมีกิจกรรมร่วมกับเว็บไซต์ได้ แต่ต้องล็อกอินก่อน ::
  ล็อกอิน

รายการสื่อสารสนเทศ

ลำดับที่ ประเภท เลขเรียก/บาร์โค้ด สถานที่ สถานะ
1. Book การพยาบาล
หนังสือสำรอง
สถานะ=หนังสือสำรอง
WY18 บ128 ฉ.1 
  Barcode: 006400
ห้องสมุดวิทยาเขตสวรรค์ประชารักษ์
►หนังสือทั่วไป
บนชั้น
2. Book การพยาบาล
Book การพยาบาล
WY18 บ128 ฉ.2 
  Barcode: 006401
ห้องสมุดวิทยาเขตสวรรค์ประชารักษ์
►หนังสือทั่วไป
บนชั้น

BibComment


ยังไม่เคยถูกคอมเมนท์

คอมเมนท์ทรัพยากรรายการนี้
  คอมเมนท์: บทเรียนการขยายผล..


 Copyright 2026. Bcnsprnw @Library